000 00872nam a22002415a 4500
003 OSt
005 20170226121909.0
008 170226s2014 ua frb 000 0 ara d
015 _a2014 / 10880
020 _a9789770473207
040 _aEG-ScBUE
_bara
_cEG-ScBUE
043 _af-ua---
082 0 4 _a346.6207
_bع ب د
_222
100 1 _aعبده، محمد مرسي.
245 1 0 _aأصول القانون التجاري :
_bنظرية الأعمال التجارية - التاجر - المحل التجاري /
_cمحمد مرسي عبده.
260 _aالقاهرة :
_bدار النهضة العربية،
_c2014.
300 _a287 ص. ؛
_c24 سم.
504 _aيشتمل على إرجاعات ببليوجرافية.
650 7 _aالقانون التجاري
_zمصر.
_2BUEsh
_941150
651 _2BUEsh
653 _bLLAAWW
_cFebruary2017
942 _2ddc
999 _c24260
_d24232